Loading...
Pratimanatakam/
| Main Author: | |
|---|---|
| Other Authors: | |
| Format: | Printed Book |
| Language: | English |
| Published: |
Delhi:
Motilal Banarsidass,
|
| Subjects: |
| LEADER | 00524 a2200157 4500 | ||
|---|---|---|---|
| 008 | 150103s9999 000 0 eng | ||
| 082 | |a 891.22 | ||
| 100 | |a Bhasa | ||
| 245 | |a Pratimanatakam/ | ||
| 260 | |a Delhi: |b Motilal Banarsidass, | ||
| 500 | |a Play--Translation into Hindi | ||
| 650 | |a Sanskrit drama | ||
| 700 | |a Sreedharanandasastri | ||
| 942 | |c BK | ||
| 999 | |c 306620 |d 306620 | ||
| 952 | |0 0 |1 0 |2 ddc |4 0 |6 H_891_220000000000000_BHA_PR |7 0 |9 351746 |a DRA |b DRA |c ST1 |d 2012-11-09 |i 3976 |l 0 |o H 891.22 BHA/PR |p DRA3976 |r 2019-01-03 |w 2019-01-03 |y BK | ||